LEADER 01329nam0-22002651i-450- 001 990007102300403321 005 20120522130418.0 035 $a000710230 035 $aFED01000710230 035 $a(Aleph)000710230FED01 035 $a000710230 100 $a20020704d1968----km-y0itay50------ba 101 0 $alat 102 $aVA 200 1 $aDe testibus in processibus beatificationis et canonizationis testimoniorumque obiectis : considerationes institutae praeprimis secundum Codicem iuris canonici et Benedicti XIV opus: De Servorum Dei beatificatione et de Beatorum canonizatione$econsiderationes institutae praeprimis secundum Codicem iuris canonici et Benedicti XIV opus: De Servorum Dei beatificatione et de Beatorum canonizatione$fHenricus Leonardus Hoffmann 210 $aCittą del Vaticano$cTypis Polyglottis Vaticanis$d1968 215 $a269 p.$d25 cm 700 1$aHoffmann,$bHeinrich L.$0200567 801 0$aIT$bUNINA$gRICA$2UNIMARC 901 $aBK 912 $a990007102300403321 952 $aIII II 37$b802$fDCEC 959 $aDCEC 996 $aDe testibus in processibus beatificationis et canonizationis testimoniorumque obiectis : considerationes institutae praeprimis secundum Codicem iuris canonici et Benedicti XIV opus: De Servorum Dei beatificatione et de Beatorum canonizatione$9705384 997 $aUNINA LEADER 01150nam--2200409---450- 001 990002700390203316 005 20060117110855.0 010 $a88-221-3090-1 035 $a000270039 035 $aUSA01000270039 035 $a(ALEPH)000270039USA01 035 $a000270039 100 $a20060110h1998----km-y0itay0103----ba 101 0 $aita 102 $aIT 105 $aa|||z|||001yy 200 1 $aInfinito$fAndrea Sani 210 $aScandicci$cLa nuova Italia$dcopyr. 1998 215 $a158 p.$d20 cm 225 2 $aBiblioteca$v17 410 0$12001$aBiblioteca$v17 454 1$12001 461 1$1001-------$12001 606 0 $aInfinito 676 $a111.6 700 1$aSANI,$bAndrea$0592377 801 0$aIT$bsalbc$gISBD 912 $a990002700390203316 951 $aII.1.D. 3859 (IV C 3966)$b185255 L.M.$cIV C$d00177040 951 $aII.1.D. 3859a (IV C 3966 a)$b185256 L.M.$cIV C$d00177041 959 $aBK 969 $aUMA 979 $aANNAMARIA$b90$c20060110$lUSA01$h1605 979 $aANNAMARIA$b90$c20060111$lUSA01$h1209 979 $aPATRY$b90$c20060117$lUSA01$h1108 996 $aInfinito$91001272 997 $aUNISA LEADER 01332cam--2200409---450 001 990002029120203316 005 20220118135523.0 035 $a000202912 035 $aUSA01000202912 035 $a(ALEPH)000202912USA01 035 $a000202912 100 $a20040927d1953----km-y0itay0103----ba 101 $aita 102 $aIT 105 $a||||||||001yy 200 1 $aQuo vadis?$fEnrico Sienkiewicz$gtraduzione di Maria Czubek-Grassi, Eridanno Bazzarelli 210 $aMilano$cMondadori$d1953 215 $avolumi$d18 cm 225 2 $aBiblioteca moderna Mondadori 327 1 $a : 301 p.$a : 299 p. 410 0$12001$aBiblioteca moderna Mondadori 676 $a891.8536 700 1$aSIENKIEWICZ,$bEnrico$0470242 702 1$aCZUBEK-GRASSI,$bMaria 702 $aBAZZARELLI,$bEridano$f<1921-2013> 801 0$aIT$bsalbc$gISBD 912 $a990002029120203316 951 $aVIII.2.A. 11/1 (Varie Coll. 36/331-332)$b46753 L.M.$cVIII.2.$d502328 951 $aVIII.2.A. 11/2 (Varie Coll.36/333-334)$b46753 L.M.$cVarie Coll. 959 $aBK 969 $aUMA 979 $aSIAV7$b10$c20040927$lUSA01$h1109 979 $aSIAV7$b10$c20040927$lUSA01$h1114 979 $aSIAV7$b10$c20040927$lUSA01$h1515 979 $aCOPAT3$b90$c20041230$lUSA01$h1259 996 $aQuo vadis$91041410 997 $aUNISA